00402nam a2200145 450000100060000010000400000610100080004610200080005420000560006221000440011821500150016222500470017767500200022480100120024444720 a20250904 pory50  aesp aESP aDonde menos se piensa salta un herderofJoan Butler aBarcelonac[Jose Janes Editor]d[195-?] a277,[1] p. aAl manigote ded papelecoleccion optimista a821.111(417)-31 aPTgRPC